| 000 | 01050nam a2200253 u 4500 | ||
|---|---|---|---|
| 005 | 20240509064300.0 | ||
| 008 | 190314s2012 r 000 0 eng d | ||
| 020 | _a9786078279104 | ||
| 035 | _aUPN01000229619 | ||
| 049 | _aLTG | ||
| 050 | 4 |
_aLB1585 M6.3 _b2012 LM |
|
| 245 | 0 | 0 |
_aCiencias, tecnologías y narrativas de las culturas indígenas y migrantes : _bguía-cuaderno del docente : primaria indígena : ciclo II (3° y 4°) / _ccoord. Enrique Barquera Pedraza. |
| 260 |
_aMéxico : _bSEP : _bDGEI, _c2012. |
||
| 300 |
_a58, 48 p. : _bil. col. |
||
| 440 | 0 | _aVivir mejor | |
| 501 | _aCon : los colores y las sombras : según la ciencia : guía del docente primaria inígena : ciclo II (3° Y 4°) | ||
| 650 | 4 |
_aCiencia _xEstudio y enseñanza (Elemental) _97402 |
|
| 650 | 4 |
_aHijos de trabajadores migrantes _xEducación _zMéxico _922553 |
|
| 650 | 4 |
_aIndígenas de México _xEducación _910 |
|
| 650 | 4 |
_aMaestros en servicio, Formación de _9390 |
|
| 700 | 1 |
_aBarquera Pedraza, Enrique, _ecoord. |
|
| 905 | _aLibro | ||
| 999 |
_c201714 _d201714 |
||